000 00873nam a2200253Ia 4500
003 OSt
005 20220923223507.0
006 a|||||r|||| 00| 0
007 ta
008 220922b |||||||| |||| 00| 0 hin d
024 _a217,748
037 _cTextual
040 _aARTS
_cARTS
_bhin
041 _2hin
_ahin
082 _aO152,1NKHx, K0
100 _aखरे, पुरुषोतम
245 0 _aसृजन कें पीड़ीत क्षणों मे (काव्य संग्रह)
246 _aSṛujan kean pīड़īt kṣhaṇoan me (kāvya sangraha)
260 _aजबलपुर
_b लोकचेतना
_c1960
300 _a74i`
_ccm.
650 _aहिन्दी साहित्य
_9156264
942 _hO152,1NKHx, K0
_cTEXL
_2CC
999 _c365718
_d365718